000 00524nam a22001937a 4500
003 MPLRDC
005 20220104143432.0
008 210129b ||||| |||| 00| 0 eng d
020 _a978-986-175-163-4
082 _a528.47 TOL
100 _aECKHART TOLLE, ROBERT S. FRIEDMAN
245 _a米尔顿的秘密
_c张德芬 译
250 _a初版
260 _a台湾
_b方智出版社股份有限公社
_c2009
300 _b94
490 _a心灵徒步区: 38
650 _a青少年教育
942 _cBK
_o528.47 TOL
999 _c39883
_d39873